| 000 | 004790000a22001690004500 | ||
|---|---|---|---|
| 090 |
_aAR _b00954 |
||
| 245 | 1 | 0 | _aReport on some Mexican cave spiders |
| 650 | 1 | 4 |
_aArañas _994141 |
| 650 | 1 | 4 |
_aEntomología _94483 |
| 650 | 1 | 4 |
_aCavernas _993465 |
| 650 | 1 | 4 |
_aSistemática animal _992968 |
| 651 | 4 |
_pMéxico _992749 |
|
| 041 | 0 | _aInglés | |
| 100 | 1 |
_aGertsch, Willis J. _994142 |
|
| 942 | _cARTICULO | ||
| 773 | 1 |
_tAssociation for Mexican Cave Studies Bulletin _3340 _h4 _q47-92 _d1971 |
|
| 999 |
_c10042 _d10042 |
||